000 00503nam a2200157Ia 4500
008 210719s1999 xx 000 0 und d
041 _aeng
082 _a384.5 PINK
100 _aPINTO (Anil Joseph)
245 _aKrishiranga programmes of all India radio Mangalore: a study
260 _aMangalore
_bSt Aloysius College
_c1999
300 _a38
_bHB
650 _aProject Reports
650 _aProject Reports
906 _aa ; all ; India ; Krishiranga ; Mangalore: ; of ; programmes ; radio ; study
999 _c215091
_d215091